| 000 | 00519nam a2200193Ia 4500 | ||
|---|---|---|---|
| 005 | 20140322125406.0 | ||
| 008 | 140130s9999 xx 000 0 und d | ||
| 020 | _a9780439885584 | ||
| 050 |
_aTR _bFa22 2007 |
||
| 245 | _aPetting farm / | ||
| 260 |
_bScholastic, _c2007 _aChina : |
||
| 300 |
_a1 v. (unpaged) : _bcol. ill. ; _c22 cm. |
||
| 440 | _v1 | ||
| 650 |
_aDomestic animals _vJuvenile literature. |
||
| 650 | _aDomestic animals. | ||
| 650 | _aToy and movable books. | ||
| 942 |
_cBK _2lcc |
||
| 999 |
_c41602 _d41602 |
||